Statistics for Top r/PictureGame Players

Click here to take the quiz!

General Stats

  • This quiz has been taken 63 times
    (24 since last reset)
  • The average score is 20 of 25

Answer Stats

RankUsernameWins% Correct
1TheLamestUsername2661
95%
19i_luke_tirtles809
90%
3SuperFreakonomics2110
90%
4emmvxy1892
90%
5walkalong1873
90%
9cpc21139
90%
2quatrevingtneuf2312
90%
6arousedsiren1789
85%
22dogdogdogdogdogdo779
85%
20smala017800
85%
24ItoXICI764
80%
11PM_me_cute_penguins_1011
80%
23wallago766
75%
25TEKrific744
75%
15chuttiekang903
75%
12bryberg952
75%
10Has_No_Gimmick1063
75%
8Aure201144
75%
7stevekeiretsu1330
75%
17SafetyNoodle827
70%
14AirplaneReference918
70%
16owdeou851
65%
18ASCIO814
65%
21SoDakZak780
65%
13fatwoof948
65%

Score Distribution

Percentile by Number Answered

Percent of People with Each Score

Your Score History

You have not taken this quiz since the last reset